LIBRARY ONLINE CATALOGUE

Human rights, the church and post-war Sudan / (Record no. 11489)

MARC details
000 -LEADER
fixed length control field 00689nam a22002172 4500
001 - CONTROL NUMBER
control field 0000023785
005 - DATE AND TIME OF LATEST TRANSACTION
control field 20151217154506.0
008 - FIXED-LENGTH DATA ELEMENTS--GENERAL INFORMATION
fixed length control field 130325s xx 000 0 eng d
020 ## - INTERNATIONAL STANDARD BOOK NUMBER
International Standard Book Number 9966083448 :
040 ## - CATALOGING SOURCE
Original cataloging agency KABU
Transcribing agency KABU
100 1# - MAIN ENTRY--PERSONAL NAME
Personal name Hiiboro, Kussala Eduardo.
-- 0000183492
245 10 - TITLE STATEMENT
Title Human rights, the church and post-war Sudan /
Statement of responsibility, etc. Kussala Eduardo Hiiboro.
250 ## - EDITION STATEMENT
Edition statement 1st ed.
260 ## - PUBLICATION, DISTRIBUTION, ETC. (IMPRINT)
Place of publication, distribution, etc. Nairobi :
Name of publisher, distributor, etc. Paulines,
Date of publication, distribution, etc. 2008.
300 ## - PHYSICAL DESCRIPTION
Extent 343 p.
650 #0 - SUBJECT ADDED ENTRY--TOPICAL TERM
Topical term or geographic name as entry element Human rights
Geographic subdivision Sudan.
-- 0000183493
650 #0 - SUBJECT ADDED ENTRY--TOPICAL TERM
Topical term or geographic name as entry element Human rights
General subdivision religious aspects
-- Christianity.
-- 0000183494
852 1# - LOCATION
-- p900 KES
908 ## - PUT COMMAND PARAMETER (RLIN)
Put command parameter 130325
950 ## - LOCAL HOLDINGS (RLIN)
-- 1
Holdings
Withdrawn status Lost status Source of classification or shelving scheme Not for loan Home library Current library Date acquired Total Checkouts Full call number Barcode Date last seen Price effective from Koha item type
    Library of Congress Classification   Kabarak, Main Campus Kabarak, Main Campus 17/12/2015   JC599 .S73H55 2008 c. 1 014648 17/12/2015 17/12/2015 General Collection